00694nam a2200193Ia 4500003000900000008004100009040001600050080001500066100002800081245013300109260004100242300002000283650002000303650001600323700002100339942000700360999001100367952012200378IN-BaIIA211028s9999 xx 000 0 eng d cIIA Library a910.4bTHO aThomson, Wyville C.925 0aReport on the scientific results of the voyage of H M S Challenger the year 1873 - 76bpt. 2cWyville C. Thomson and John Murray aLondonbH.M. Stationery Officec1895 axix, 797-1068p. aExpeditions926 aVoyages927 aMurray, John928 cBK c55d55 00104070aBANbKODcGENd0000-00-00g60.00l0o910.4/ THOp7r2021-11-05v60.00w0000-00-00yBKGRs. 60.00